Partially Mutually Intelligible Languages - Statistics

General Stats
  • This quiz has been taken 120 times
  • The average score is 12 of 14
Answer Stats
Hint Answer % Correct
Norwegian Danish/Swedish
100%
Belarusian Russian/Ukrainian
100%
Luxembourgish German
99%
Scottish Gaelic Irish
99%
Afrikaans Dutch
97%
Polish Slovak/Czech
96%
Slovene Serbian/Croat/Montenegrin/Bosnian
93%
Finnish Estonian/Karelian
90%
Italian Spanish/Portuguese/Catalan
90%
Azerbaijani Turkish/Crimean Tatar/Gagauz/Urum
86%
Xhosa Zulu
79%
Tunisian Arabic Maltese/Algerian Arabic/Libyan Arabic
78%
Welsh Breton/Cornish
66%
Malayalam Tamil
58%
No matching quizzes found
Score Distribution
Percent of People with Each Score
Percentile by Number Answered
Your Score History
You have not taken this quiz